[Event "7th Gibtelecom Masters"]
[Site "Caleta ENG"]
[Date "2009.02.03"]
[Round "8"]
[White "Brown,Da"]
[Black "Chidi,S"]
[Result "1/2-1/2"]
[WhiteElo "1932"]
[BlackElo "2005"]

1.e4 c5 2.Nf3 d6 3.Nc3 Nf6 4.d4 cxd4 5.Nxd4 a6 6.g3 e5 7.Nb3 b5 8.Bg2 Bb7
9.Bg5 Nbd7 10.O-O Be7 11.Qe2 h6 12.Be3 Qc7 13.a3 O-O 14.Rfd1 Rfe8 15.f3 Rac8
16.Qf2 Bc6 17.Bf1 Bb7 18.Rd2 Bf8 19.Rad1 Be7 20.Bh3 Ra8 21.Bf1 Bf8 22.Bg2 Be7
23.Bf1 Bf8 24.Bg2 Be7  1/2-1/2

[Event "73rd ch-BUL"]
[Site "Blagoevgrad BUL"]
[Date "2009.02.13"]
[Round "2"]
[White "Lilov,V2"]
[Black "Vutov,M"]
[Result "0-1"]
[WhiteElo "2443"]
[BlackElo "2262"]

1.e4 c5 2.Nf3 d6 3.d4 cxd4 4.Nxd4 Nf6 5.Nc3 a6 6.g3 e5 7.Nde2 Nbd7 8.Bg2 b5
9.h3 Bb7 10.g4 Be7 11.a3 Rc8 12.Ng3 g6 13.g5 Ng8 14.h4 Rc4 15.Be3 h6 16.gxh6 Ngf6
17.h5 Nc5 18.hxg6 fxg6 19.Qe2 Ne6 20.O-O-O Rxc3 21.bxc3 Qa5 22.Qd3 Qxa3+
23.Kd2 Nc5 24.Bxc5 Qxc5 25.Qe3 Qc4 26.Bf3 Nh7 27.Ke1 O-O 28.Be2 Qc7 29.Bg4 Ng5
30.f3 Kh7 31.Rd2 a5 32.Ne2 Bc6 33.Nc1 Nf7 34.Qd3 Bg5 35.Rd1 Qe7 36.Nb3 a4
37.Nc1 Rd8 38.Na2 d5 39.Nb4 dxe4 40.Qe2 exf3 41.Bxf3 Bh4+ 42.Kf1 Bxf3 43.Qxf3 e4
44.Qg4 Rxd1+  0-1

[Event "10th EICC w"]
[Site "St Petersburg RUS"]
[Date "2009.03.10"]
[Round "3"]
[White "Kuzevanova,E"]
[Black "Zakurdjaeva,I"]
[Result "1/2-1/2"]
[WhiteElo "2131"]
[BlackElo "2295"]

1.e4 c5 2.Nf3 d6 3.d4 cxd4 4.Nxd4 Nf6 5.Nc3 a6 6.g3 g6 7.Bg2 Bg7 8.O-O O-O
9.h3 Bd7 10.Be3 Nc6 11.Nb3 b5 12.f4 Rc8 13.a3 Qc7 14.Qd2 Rfd8 15.Qf2 Re8
16.Rad1 Be6 17.Nd4 Nxd4 18.Bxd4 Bc4 19.Rfe1 e5 20.Bb6 Qc6 21.Nd5 Nd7 22.Be3 exf4
23.Bxf4 Be5 24.Bxe5 Rxe5 25.Nb4 Qc5 26.Nxa6 Qxf2+ 27.Kxf2 Nc5 28.Nxc5 dxc5
29.Bf1 Bxf1 30.Kxf1 Kg7 31.Rd5 Kf6 32.Rd6+ Ke7 33.Rb6 c4 34.Kf2 Rd8 35.Re2 Rd1
36.Kf3 Rf1+ 37.Kg2 Rb1 38.c3 Rd1 39.Rb7+ Ke6 40.Rb6+ Ke7 41.Rb7+ Ke6 42.Rb6+ Ke7
43.Rb7+  1/2-1/2

[Event "10th EICC w"]
[Site "St Petersburg RUS"]
[Date "2009.03.12"]
[Round "5"]
[White "Kuzevanova,E"]
[Black "Huda,Mary"]
[Result "0-1"]
[WhiteElo "2131"]
[BlackElo "2240"]

1.e4 c5 2.Nf3 d6 3.d4 cxd4 4.Nxd4 Nf6 5.Nc3 a6 6.g3 e5 7.Nb3 Be7 8.Bg2 b5
9.a4 b4 10.Nd5 Nxd5 11.Qxd5 Ra7 12.Be3 Be6 13.Qd2 Rb7 14.O-O O-O 15.a5 Nd7
16.Rfd1 Qc7 17.Bf1 Qc6 18.Qd3 Rb5 19.f4 Rc8 20.Nd2 Nc5 21.Qe2 f6 22.Qf2 Rbb8
23.f5 Bf7 24.Bxc5 Qxc5 25.Qxc5 Rxc5 26.Bxa6 Rxc2 27.Bd3 Rxb2 28.Nc4 Rb3 29.Nb6 Bd8
30.Nd5 Bxd5 31.exd5 Rc3 32.a6 Bb6+ 33.Kg2 Ba7 34.Rac1 Rbc8 35.Rb1 b3 36.Bb5 Rc2+
37.Kh3 b2 38.Bc6 g6 39.Rd3 Rb8 40.Bb7 gxf5 41.Rf3 e4 42.Rb3 Bd4 43.Rb4 Rc1
44.R1xb2 Bxb2 45.a7 Rd8 46.Rxb2 Ra1 47.a8=Q Rdxa8 48.Bxa8 Rxa8 49.Kg2 Ra5
50.Rd2 Kf7 51.Kf2 Ra3 52.Ke2 Kg6 53.Rb2 Rd3 54.Rb5 h5 55.Ra5 f4 56.gxf4 Kf5
57.Rb5 Kxf4 58.Rb8 Rxd5 59.Rf8 f5 60.Rh8 Kg4  0-1

[Event "10th EICC"]
[Site "Budva MNE"]
[Date "2009.03.14"]
[Round "8"]
[White "Marinkovic,Sl"]
[Black "Erdogdu,M"]
[Result "1-0"]
[WhiteElo "2388"]
[BlackElo "2460"]

1.e4 c5 2.Nf3 d6 3.d4 cxd4 4.Nxd4 Nf6 5.Nc3 a6 6.g3 e5 7.Nb3 Nbd7 8.a4 b6
9.Bg2 Bb7 10.O-O Be7 11.Re1 Rc8 12.Nd2 Rc5 13.Nf1 Qa8 14.Qd3 O-O 15.Ne3 Rfc8
16.f3 g6 17.Bh3 R5c7 18.Bd2 Nc5 19.Qf1 Ne6 20.Bxe6 fxe6 21.Qh3 Rf8 22.Qxe6+ Kh8
23.Rad1 Qd8 24.Bc1 Rc5 25.Qb3 Qc7 26.Re2 Rc8 27.Bd2 Rf8 28.Be1 Bd8 29.Bf2 Rc6
30.Ncd5 Nxd5 31.Nxd5 Qf7 32.Nb4 Rc4 33.Nd5 Rc6 34.Rd3 a5 35.Nc3 Qd7 36.Nb5 Be7
37.Na7 Rc5 38.Bxc5 bxc5 39.Nb5 Rf6 40.c4 Bc6 41.Red2 g5 42.Nxd6 Qh3 43.Nf5 g4
44.Qb8+ Rf8 45.Qxe5+ Bf6 46.Qxf6+  1-0

[Event "10th EICC"]
[Site "Budva MNE"]
[Date "2009.03.15"]
[Round "9"]
[White "Plenca,J"]
[Black "Simic,V"]
[Result "1-0"]
[WhiteElo "2248"]
[BlackElo "2064"]

1.e4 c5 2.Nf3 d6 3.d4 cxd4 4.Nxd4 Nf6 5.Nc3 a6 6.g3 e5 7.Nde2 b5 8.Bg2 Bb7
9.O-O Be7 10.h3 O-O 11.g4 Nbd7 12.Ng3 Nc5 13.Nd5 Nxd5 14.exd5 Bg5 15.b4 Na4
16.f4 Bxf4 17.Bxf4 exf4 18.Rxf4 Qb6+ 19.Kh2 Rac8 20.Qd2 Rc7 21.Raf1 Nb2 22.Nh5 Nc4
23.Rxc4 bxc4 24.Nxg7 Kxg7 25.Qg5+ Kh8 26.Qf6+ Kg8 27.Rf5 Qe3 28.Rg5+ Qxg5
29.Qxg5+ Kh8 30.Qf6+ Kg8 31.h4 Re8 32.h5 Rd7 33.h6 Kf8 34.Qg7+ Ke7 35.Qxh7 Kd8
36.Qf5 Re5 37.h7  1-0

[Event "10th EICC"]
[Site "Budva MNE"]
[Date "2009.03.16"]
[Round "10"]
[White "Evdokimov,Alexa"]
[Black "Yilmaz,M"]
[Result "1/2-1/2"]
[WhiteElo "2545"]
[BlackElo "2400"]

1.e4 c5 2.Nf3 d6 3.d4 cxd4 4.Nxd4 Nf6 5.Nc3 a6 6.g3 g6 7.Bg2 Bg7 8.O-O O-O
9.Bg5 Nc6 10.Nde2 Bd7 11.a4 Rb8 12.h3 b5 13.axb5 axb5 14.Nd5 Nxd5 15.exd5 Ne5
16.Nd4 h6 17.Bf4 Qb6 18.c3 Rfc8 19.Nc2 Nc4 20.Bc1 Ra8 21.Rxa8 Rxa8 22.Qe2 Be5
23.Kh2 Kg7 24.Nb4 Bf6 25.Be4 Qc7 26.Bg2 Qb6 27.Bf4 Qc7 28.Rd1 Qb6 29.Kg1 Qc7
30.Bc1 Qb6 31.Re1 Qc7 32.Nc2 Ra2 33.Nb4 Ra8 34.Qf3 Qb6 35.Bf1 Qc7 36.Qf4 Bg5
37.Qd4+ Bf6 38.Qf4 Bg5 39.Qd4+ Bf6 40.Qe4 Ne5 41.Qe2 Nc4 42.Qd1 Qc8 43.Kh2 Qc5
44.Nd3 Qc7 45.Qe2 Ra2 46.Nb4 Ra8 47.Qc2 Ne5 48.Bg2 Nc4 49.Be4 Qc8 50.Bg2 Qc7
51.Rf1 Qb6 52.b3 Na5 53.Be3 Qc7 54.Rc1 Bf5 55.Qb2 Rc8 56.Qa2 Ra8 57.Nc6 Bd7
58.b4 Nxc6 59.Qxa8 Ne5 60.Qa7 Qc4 61.Bd4 Bf5 62.Re1 Qd3 63.Re3  1/2-1/2

[Event "Copa Ajedrez Plus"]
[Site "Ramos Mejia ARG"]
[Date "2009.03.18"]
[Round "7"]
[White "Ginzburg,Ma"]
[Black "Quiroga,F"]
[Result "0-1"]
[WhiteElo "2455"]
[BlackElo "2329"]

1.e4 c5 2.Nf3 d6 3.d4 cxd4 4.Nxd4 Nf6 5.Nc3 a6 6.g3 e6 7.Bg2 Qc7 8.a4 Bd7
9.O-O Nc6 10.h3 Be7 11.g4 Nxd4 12.Qxd4 e5 13.Qd1 Bc6 14.a5 O-O 15.Be3 Rac8
16.Qd2 Rfe8 17.Rfc1 h6 18.Nd5 Bxd5 19.exd5 Nh7 20.c4 Ng5 21.b4 e4 22.Ra3 Qd7
23.c5 f5 24.c6 bxc6 25.dxc6 Qe6 26.Qe2 d5 27.gxf5 Qxf5 28.Qxa6 Nf3+ 29.Kf1 d4
30.Bxd4 Nxd4 31.Qc4+ Kh8 32.Qxd4 Bf6 33.Rc5 Qf4 34.Qe3 Qd6 35.Qc1 Bd4 36.Rc4 Qf6
37.Ra2 e3 38.Re2 exf2 39.Qd2 Rxe2 40.Qxe2 Ba7 41.Bf3 Qa1+ 42.Qd1 Qe5 43.Rg4 Qh2
44.Qd7 Qg1+  0-1

[Event "TCh-AUT 1st Bundesliga 2008-9"]
[Site "Ansfelden AUT"]
[Date "2009.03.19"]
[Round "8"]
[White "Baklan,V"]
[Black "Likavsky,T"]
[Result "1-0"]
[WhiteElo "2627"]
[BlackElo "2498"]

1.e4 c5 2.Nf3 d6 3.d4 cxd4 4.Nxd4 Nf6 5.Nc3 a6 6.g3 e5 7.Nb3 Be7 8.Bg2 O-O
9.a4 Bg4 10.Qd2 Nbd7 11.O-O Rc8 12.Nd1 Be6 13.Ne3 Qb6 14.Qd1 Rfd8 15.Nd2 Nc5
16.Nd5 Nxd5 17.exd5 Bf5 18.Nc4 Qb4 19.Ne3 Bd7 20.a5 Bg5 21.Re1 Bxe3 22.Rxe3 Bf5
23.Qe2 Qb5 24.Qd2 Na4 25.c4 Qe8 26.b3 Nc5 27.Ba3 Qe7 28.Rae1 Qc7 29.Rc1 b6
30.axb6 Qxb6 31.b4 Na4 32.Qd1 Bd7 33.Bf1 Be8 34.c5 dxc5 35.bxc5 Nxc5 36.Rec3 Ne4
37.Rxc8 Qxf2+ 38.Kh1 Qf6 39.Rxd8  1-0

[Event "16th TCh-RUS Premier"]
[Site "Dagomys RUS"]
[Date "2009.04.05"]
[Round "2"]
[White "Ivanov,Al3"]
[Black "Khismatullin,D"]
[Result "0-1"]
[WhiteElo "2413"]
[BlackElo "2601"]

1.e4 c5 2.Nf3 d6 3.d4 Nf6 4.Nc3 cxd4 5.Nxd4 a6 6.g3 g6 7.Bg2 Bg7 8.O-O O-O
9.h3 Nc6 10.Be3 Nd7 11.Qd2 Nde5 12.Qe2 Nxd4 13.Bxd4 Nf3+ 14.Qxf3 Bxd4 15.Rad1 Bg7
16.Rd3 Bd7 17.Rfd1 Rc8 18.Qe3 Re8 19.Qd2 Be6 20.Nd5 Bxb2 21.Rb1 Bxd5 22.exd5 Bf6
23.Rxb7 Rc5 24.Rdb3 Qa5 25.Qxa5 Rxa5 26.a3 Rc8 27.Be4 Kg7 28.Kf1 Rc4 29.R7b4 Rc7
30.Ke2 Bc3 31.Rb6 Bd4 32.R6b4 Bc5 33.Rc4 Ra7 34.a4 e6 35.Rd3 f5 36.Bg2 e5
37.Rb3 e4 38.f3 exf3+ 39.Bxf3 Re7+ 40.Kd2 h5 41.g4 fxg4 42.hxg4 h4 43.g5 Bf2
44.Bg2 Rc5 45.Rxc5 Bxc5 46.Bh3 Re5 47.Rb7+ Kf8 48.Rb8+ Ke7 49.Rb7+ Kd8 50.Be6 Rxg5
51.Rh7 Rg2+ 52.Kd3 g5 53.Ke4 Rf2 54.Rh5 Rf4+ 55.Kd3 Rd4+ 56.Kc3 Rxa4 57.Rxg5 Ke7
58.Rf5 Re4 59.Rf7+ Ke8 60.Rh7 a5 61.Kb3 a4+ 62.Ka2 Rf4 63.Kb2 a3+ 64.Ka2 Rb4
65.c3 Rb2+ 66.Ka1 Rh2 67.Bd7+ Kd8 68.Be6 Ke8 69.Bd7+ Kf8 70.Be6 Bf2 71.Ka2 Bc5+
72.Ka1 Be3 73.Rf7+ Ke8 74.Rh7 Bf4  0-1

[Event "15th Festival Open A"]
[Site "Zupanja CRO"]
[Date "2009.04.08"]
[Round "5"]
[White "Predojevic,B"]
[Black "Kovacevic,A"]
[Result "1-0"]
[WhiteElo "2652"]
[BlackElo "2561"]

1.e4 c5 2.Nf3 d6 3.d4 cxd4 4.Nxd4 Nf6 5.Nc3 a6 6.g3 e5 7.Nb3 b5 8.a4 b4 9.Nd5 Nxd5
10.Qxd5 Ra7 11.Be3 Be6 12.Qa5 Qxa5 13.Nxa5 Rc7 14.O-O-O Be7 15.f4 g6 16.b3 O-O
17.Bc4 Rfc8 18.fxe5 dxe5 19.Bxe6 Rxc2+ 20.Kb1 fxe6 21.Rc1 R2c3 22.Rhd1 Kf7
23.Ba7 Nc6 24.Rxc3 bxc3 25.Nxc6 Rxc6 26.Kc2 Bb4 27.Bb8 Kf6 28.h3 a5 29.Rd3 Rc8
30.Rf3+ Ke7 31.Bxe5 h5 32.g4 hxg4 33.hxg4 g5 34.Rh3 Kd7 35.Rd3+ Ke7 36.Rf3 Kd7
37.Bxc3 Kd6 38.Rd3+ Kc5 39.Bf6 Kc6 40.Rd4 Rf8 41.e5 Rf7 42.Bxg5 Rf2+ 43.Kd3 Rf3+
44.Ke4 Rxb3 45.Rc4+ Kd7 46.Bf6 Rg3 47.g5 Rg4+ 48.Kd3 Rg3+ 49.Ke2 Ke8 50.Kf2  1-0

[Event "15th Festival Open A"]
[Site "Zupanja CRO"]
[Date "2009.04.09"]
[Round "6"]
[White "Stanojoski,Z"]
[Black "Zufic,M"]
[Result "1/2-1/2"]
[WhiteElo "2485"]
[BlackElo "2439"]

1.e4 c5 2.Nf3 d6 3.d4 cxd4 4.Nxd4 Nf6 5.Nc3 a6 6.g3 e5 7.Nde2 Nbd7 8.Bg2 b5
9.h3 Bb7 10.g4 Nc5 11.Ng3 g6 12.Be3 Ne6 13.Qd2 Bg7 14.Rd1 Rc8 15.g5 Nd7 16.Qxd6 Nd4
17.Bxd4 exd4 18.Nce2 Be5 19.Qa3 Qxg5 20.Nxd4 b4 21.Qxb4 Bxg3 22.O-O Bxe4
23.fxg3 Qxg3 24.Nf3 Nc5 25.Rfe1 O-O 26.Rxe4 Nxe4 27.Qxe4 Rfe8 28.Qd3 Rc6
29.Nd4 Re1+ 30.Rxe1 Qxe1+ 31.Qf1 Qe3+ 32.Qf2 Qc1+ 33.Kh2 Rd6 34.c3 Kg7 35.Nb3 Qg5
36.Qg3 Qe7 37.Nd4 Rf6 38.b4 h5 39.a4 Kh6 40.h4 Kh7 41.Nf3 Rd6 42.Qe5 Qd8
43.b5 axb5 44.axb5 f6 45.Qf4 Rd3 46.c4 Qb6 47.Kh3 Rc3 48.Kh2 Kg7 49.Nd4 Kh7
50.Nc6 Kg7 51.Qb8 Qf2 52.Qa7+ Qxa7 53.Nxa7 Rxc4 54.Nc6 Rxh4+ 55.Kg1 Ra4 56.Bf1 Ra2
57.Nd4 Ra4 58.Nc6 Ra2 59.Nb4 Rb2 60.Nd5 Kf7 61.Bc4 Ke6 62.Nf4+ Kf5 63.Nd3 Rb1+
64.Kf2 h4 65.Ne1 Rb2+ 66.Kf3 h3 67.Bd3+ Kg5 68.Kg3 f5 69.Kxh3 Kf4 70.Ng2+ Ke5
71.Kg3 g5 72.Ne1 Rb3 73.Kf3 g4+ 74.Kg3 Rb2 75.Ng2 Rb3 76.Nf4 Kd4 77.Kf2 Rb2+
78.Kg3 Rb3 79.Kf2 Rb2+ 80.Kg3 Rb3  1/2-1/2

[Event "15th Festival Open A"]
[Site "Zupanja CRO"]
[Date "2009.04.11"]
[Round "8"]
[White "Stanojoski,Z"]
[Black "Predojevic,B"]
[Result "1/2-1/2"]
[WhiteElo "2485"]
[BlackElo "2652"]

1.e4 c5 2.Nf3 d6 3.d4 cxd4 4.Nxd4 Nf6 5.Nc3 a6 6.g3 e5 7.Nde2 Nbd7 8.Bg2 b5
9.h3 Be7 10.O-O h5 11.Be3 O-O 12.Qd2 Bb7 13.a4 b4 14.Nd5 Nxd5 15.exd5 a5
16.c4 bxc3 17.Nxc3 Ba6 18.Rfc1 Rb8 19.Nb5 Bxb5 20.axb5 Rxb5 21.Bf1 Rb4 22.Rc4 Rxc4
23.Bxc4 a4 24.Rxa4 Nb6 25.Rb4 Nxc4 26.Rxc4 Qd7 27.Kg2 Rb8 28.Rb4 Rb5 29.Bb6 g6
30.h4 Kg7 31.Kg1 f5 32.Rxb5 Qxb5 33.Be3 Kf7 34.Bg5 Bxg5 35.hxg5 h4 36.gxh4 Qc4
37.f4 Qb3 38.fxe5 Qg3+ 39.Kf1 dxe5 40.Qc3 Qf4+ 41.Kg1 Qg4+ 42.Kf1 Qf4+ 43.Kg1 Qg4+  1/2-1/2

[Event "Sydney International Open"]
[Site "Parramatta AUS"]
[Date "2009.04.19"]
[Round "9"]
[White "Sengupta,D"]
[Black "Mas,H"]
[Result "0-1"]
[WhiteElo "2466"]
[BlackElo "2421"]

1.e4 c5 2.Nf3 d6 3.d4 cxd4 4.Nxd4 Nf6 5.Nc3 a6 6.g3 e5 7.Nde2 Be7 8.Bg2 Be6
9.h3 h5 10.Be3 Nbd7 11.Nd5 Nxd5 12.exd5 Bf5 13.O-O Qc8 14.Rc1 Nf6 15.Kh2 b5
16.b3 Qd7 17.c4 Rc8 18.Qd2 bxc4 19.Rxc4 Rxc4 20.bxc4 h4 21.g4 Bxg4 22.f4 Bxe2
23.Qxe2 e4 24.Rb1 O-O 25.Rb6 Qa4 26.Rb7 Re8 27.Bf2 Bd8 28.Bxh4 Qa3 29.Rb8 Kf8
30.Bf2 Qd3 31.Rb2 Ba5 32.Bf1 Qxe2 33.Rxe2 Bb4 34.Rb2 a5 35.Bd4 Nd7 36.Rg2 g6
37.h4 Bc5 38.Bc3 Bb4 39.Bb2 Nc5 40.f5 gxf5 41.h5 Na4 42.Bg7+ Ke7 43.Rc2 Bc5
44.Bh3 Be3 45.Bxf5 Bf4+ 46.Kh3 Nc5 47.Rg2 Be5 48.Bxe5 dxe5 49.h6 Nd3 50.Kh4 Nf4
51.Rg3 e3 52.Bg4 f5 53.Bh3 e2 54.Re3 Kf6 55.Kg3 Rh8 56.d6 Rxh6 57.Bg2 Rg6+
58.Kf3 Ke6 59.d7 e4+  0-1

[Event "Moscow Region Spring GM"]
[Site "Serpukhov RUS"]
[Date "2009.05.01"]
[Round "1"]
[White "Matsenko,S"]
[Black "Romanko,M"]
[Result "1/2-1/2"]
[WhiteElo "2435"]
[BlackElo "2466"]

1.e4 c5 2.Nf3 d6 3.d4 cxd4 4.Nxd4 Nf6 5.Nc3 a6 6.g3 e5 7.Nb3 Be7 8.Bg2 b5
9.a4 b4 10.Nd5 Nxd5 11.Qxd5 Ra7 12.Be3 Be6 13.Qc4 Rb7 14.a5 Rb5 15.O-O Nd7
16.Rfd1 O-O 17.Bf1 Qa8 18.f3 f5 19.Bh3 g6 20.Qe2 Qc6 21.Bh6 Rf7 22.exf5 Bxf5
23.Bxf5 gxf5 24.Be3 Nf8 25.f4 Ng6 26.Rf1 Bf6 27.Rad1 Rb8 28.Qd3 Rc8 29.Rd2 exf4
30.Nd4 Qd5 31.Bxf4 Qxa5 32.Rdf2  1/2-1/2

[Event "2nd Mayors Cup"]
[Site "Mumbai IND"]
[Date "2009.05.04"]
[Round "5"]
[White "Deepan,C"]
[Black "Areshchenko,A"]
[Result "0-1"]
[WhiteElo "2482"]
[BlackElo "2657"]

1.e4 c5 2.Nf3 d6 3.d4 cxd4 4.Nxd4 Nf6 5.Nc3 a6 6.g3 e5 7.Nb3 Be7 8.Bg2 b5
9.Bg5 Nbd7 10.a4 Bb7 11.axb5 axb5 12.Rxa8 Qxa8 13.Nxb5 O-O 14.Nc3 h6 15.Bxf6 Nxf6
16.Qa1 Qb8 17.O-O Bd8 18.h3 Bb6 19.Qa3 h5 20.Rd1 Rd8 21.h4 Ng4 22.Rd2 f5
23.Qb4 Bxe4 24.Qc4+ d5 25.Nxd5 Bxd5 26.Rxd5 Bxf2+ 27.Kh1 Kh7 28.Rxd8 Qxd8
29.Qd5 Qxd5 30.Bxd5 Bxg3 31.c4 Bxh4 32.c5 Nf2+  0-1

[Event "Copenhagen Chess Challenge"]
[Site "Ballerup DEN"]
[Date "2009.05.08"]
[Round "5"]
[White "Janev,E"]
[Black "Bekker Jensen,Da"]
[Result "0-1"]
[WhiteElo "2458"]
[BlackElo "2330"]

1.e4 c5 2.Nf3 d6 3.d4 Nf6 4.Nc3 cxd4 5.Nxd4 a6 6.g3 e5 7.Nde2 b5 8.Bg2 Bb7
9.O-O Nbd7 10.a4 b4 11.Nd5 Nxd5 12.exd5 a5 13.Re1 Be7 14.c3 bxc3 15.Nxc3 O-O
16.Nb5 Ba6 17.Be3 Bxb5 18.axb5 Bg5 19.Rc1 Bxe3 20.Rxe3 Qb6 21.Rc6 Qxb5 22.Rxd6 Rab8
23.Bf1 Qb7 24.Qg4 Rfd8 25.Qh4 Nf6 26.Rxf6 gxf6 27.Qxf6 Rxd5 28.Re4 Qb6 29.Qf3 Rd6
30.Bc4 Rf6 31.Rg4+ Kf8 32.Qa3+ Qb4 33.Qe3 Qb6 34.Qa3+ Qd6 35.Qa1 Rb4 36.Qc1 Qb6
37.Qg5 Qxf2+ 38.Kh1 Rxc4  0-1

[Event "18th CRO-Cup"]
[Site "Sibenik CRO"]
[Date "2009.05.22"]
[Round "3"]
[White "Palac,M"]
[Black "Brkic,A"]
[Result "1/2-1/2"]
[WhiteElo "2571"]
[BlackElo "2541"]

1.e4 c5 2.Nf3 d6 3.d4 cxd4 4.Nxd4 Nf6 5.Nc3 a6 6.g3 e5 7.Nb3 Nbd7 8.a4 b6
9.Bg2 Bb7 10.O-O Be7 11.Nd2 Rc8 12.Qe2 Qc7 13.Rd1 Nc5 14.b3 Ne6 15.Bb2 O-O
16.Nc4 Nd4 17.Qd3 b5 18.axb5 axb5 19.Ne3 Qb6 20.Rac1 g6 21.b4 Rc7 22.Ncd5 Nxd5
23.exd5 Bc8 24.Bxd4 exd4 25.Qxd4 Qxd4 26.Rxd4 Bf6 27.Rd3  1/2-1/2

[Event "Subic Open"]
[Site "Subic PHI"]
[Date "2009.05.26"]
[Round "3"]
[White "Megaranto,S"]
[Black "Ashwin,J"]
[Result "1-0"]
[WhiteElo "2553"]
[BlackElo "2413"]

1.e4 c5 2.Nf3 d6 3.d4 cxd4 4.Nxd4 Nf6 5.Nc3 a6 6.g3 e6 7.Bg2 Be7 8.O-O Bd7
9.h3 Nc6 10.Nde2 b5 11.a3 Qc7 12.g4 h6 13.Be3 g5 14.f4 gxf4 15.Nxf4 Ne5 16.Nfd5 exd5
17.Rxf6 Bxf6 18.Nxd5 Qd8 19.Bb6 Qb8 20.Nxf6+ Kf8 21.Be3 Be6 22.Qd2 Ke7 23.Bxh6 Qa7+
24.Kh1 Qc5 25.b4 Nc4 26.bxc5 Nxd2 27.Bxd2 Kxf6 28.Rf1+ Kg6 29.cxd6 Bxg4 30.Bc3 f5
31.Bxh8 Rxh8 32.Kg1 Bxh3 33.Bxh3 Rxh3 34.Rxf5 Rh7 35.Rf3 Rh8 36.e5 Rd8 37.Kf2 a5
38.c3 Re8 39.d7 Rd8 40.e6  1-0

[Event "3rd ENCI Limburg Open"]
[Site "Maastricht NED"]
[Date "2009.05.31"]
[Round "5"]
[White "Bijlsma,N"]
[Black "Schut,L"]
[Result "0-1"]
[WhiteElo "1952"]
[BlackElo "2196"]

1.e4 c5 2.Nf3 d6 3.d4 cxd4 4.Nxd4 Nf6 5.Nc3 a6 6.g3 g6 7.Bg2 Bg7 8.O-O O-O
9.a4 Nc6 10.h3 Bd7 11.Nde2 Rc8 12.Kh2 Nb4 13.Be3 Qa5 14.Qd2 Nc6 15.Rac1 Ne5
16.Nd5 Qxd2 17.Nxe7+ Kh8 18.Bxd2 Rce8 19.Bb4 Nc4 20.b3 Rxe7 21.bxc4 Nxe4
22.Nf4 Bxa4 23.Bxe4 Rxe4 24.Bxd6 Rd8 25.c5 Bc6 26.Nd3 a5 27.Rce1 Rde8 28.Rxe4 Rxe4
29.Re1 Rxe1 30.Nxe1 a4 31.Nd3 a3 32.Nc1 Bb2 33.Bf4 Bd5 34.g4 a2 35.Nxa2 Bxa2  0-1

[Event "ch-Mayo Nacional"]
[Site "Buga COL"]
[Date "2009.06.07"]
[Round "8"]
[White "Barrientos,S"]
[Black "Mateus,Al"]
[Result "1/2-1/2"]
[WhiteElo "2456"]
[BlackElo "2220"]

1.e4 c5 2.Nf3 d6 3.d4 cxd4 4.Nxd4 Nf6 5.Nc3 a6 6.g3 e6 7.Bg2 Bd7 8.O-O Nc6
9.b3 Qc7 10.Bb2 h5 11.h3 O-O-O 12.a4 d5 13.exd5 exd5 14.Nxc6 Bxc6 15.Qd4 h4
16.g4 Bd6 17.Rfe1 Bh2+ 18.Kh1 Rhe8 19.g5 Ne4 20.Nxe4 dxe4 21.Qa7 Rd2 22.Bd4 e3
23.Rxe3 Rxe3 24.Qa8+ Kd7 25.Bxe3 Bxg2+ 26.Kxg2 Qg3+ 27.Kh1 Qf3+ 28.Kxh2 Rxf2+
29.Bxf2 Qxf2+ 30.Kh1 Qf3+ 31.Kg1 Qg3+ 32.Kf1 Qf3+ 33.Kg1 Qg3+ 34.Kf1  1/2-1/2

[Event "OKU"]
[Site "Utrecht NED"]
[Date "2009.06.07"]
[Round "6"]
[White "Berelowitsch,A"]
[Black "Nabuurs,M"]
[Result "1-0"]
[WhiteElo "2581"]
[BlackElo "2108"]

1.e4 c5 2.Nf3 d6 3.d4 cxd4 4.Nxd4 Nf6 5.Nc3 a6 6.g3 e5 7.Nb3 Be6 8.Bg2 Be7
9.O-O h5 10.Bg5 Nbd7 11.Qd2 b5 12.h4 Qc7 13.Rac1 Nb6 14.Na5 O-O 15.b3 Rac8
16.Nd5 Nfxd5 17.exd5 Bxg5 18.hxg5 Bd7 19.c4 bxc4 20.bxc4 Rfe8 21.Nc6 Bxc6
22.dxc6 e4 23.c5 dxc5 24.Rxc5 Na4 25.Rc4 Nb6 26.Rc5 Na4 27.Rc2 Qb6 28.g6 fxg6
29.Bxe4 Nc5 30.Qd5+ Ne6 31.Bxg6  1-0

[Event "Open"]
[Site "Varna BUL"]
[Date "2009.06.14"]
[Round "3"]
[White "Peev,P"]
[Black "Sychev,K"]
[Result "0-1"]
[WhiteElo "2284"]
[BlackElo "2126"]

1.e4 c5 2.Nf3 d6 3.d4 cxd4 4.Nxd4 Nf6 5.Nc3 a6 6.g3 e5 7.Nde2 Be7 8.Bg2 O-O
9.O-O Qc7 10.Kh1 b5 11.f4 b4 12.Nd5 Nxd5 13.exd5 Nd7 14.a3 bxa3 15.Rxa3 Rb8
16.Rd3 a5 17.b3 Ba6 18.Re3 Rfc8 19.Rc3 Qb7 20.Re3 Qb6 21.Bh3 Qb7 22.Bg2 Bf6
23.Re1 Qc7 24.Rc3 Bxe2 25.Rxc7 Bxd1 26.Rxc8+ Rxc8 27.Rxd1 Rxc2 28.Ba3 Nc5
29.b4 axb4 30.Bxb4 exf4 31.gxf4 Rc4 32.Ba3 Rxf4 33.Bxc5 dxc5 34.d6 Rd4 35.Rxd4 cxd4
36.Kg1 Kf8 37.d7 Ke7 38.Bc6 Kd6 39.Ba4 Bd8 40.Kf1 Ke5 41.Ke2 f5 42.Bc2 h5
43.Kf3 g5 44.Kg3 h4+ 45.Kf3 g4+ 46.Kg2 f4 47.h3 f3+ 48.Kf2 d3 49.Bxd3 Bb6+
50.Kf1 g3  0-1

[Event "13th Master Open"]
[Site "Voronezh RUS"]
[Date "2009.06.16"]
[Round "5"]
[White "Safarli,E"]
[Black "Gabrielian,A"]
[Result "1/2-1/2"]
[WhiteElo "2599"]
[BlackElo "2462"]

1.e4 c5 2.Nf3 d6 3.d4 cxd4 4.Nxd4 Nf6 5.Nc3 a6 6.g3 e6 7.Bg2 Be7 8.O-O O-O
9.b3 Qc7 10.Bb2 Nc6 11.Nxc6 bxc6 12.Na4 d5 13.exd5 cxd5 14.c4 Bb7 15.Rc1 Rad8
16.cxd5 Qb8 17.Qe2 Nxd5 18.Nc5 Bxc5 19.Rxc5 Qd6 20.Rfc1 Rfe8 21.Be5 Qe7 22.Qg4 f6
23.Bxd5 exd5 24.Rc7 Bc8 25.Qh5 Bd7 26.Bc3  1/2-1/2

[Event "Open"]
[Site "Albena BUL"]
[Date "2009.06.24"]
[Round "5"]
[White "Dimitrov,Pa"]
[Black "Kopasov,E"]
[Result "1-0"]
[WhiteElo "2396"]
[BlackElo "2075"]

1.e4 c5 2.Nf3 d6 3.d4 cxd4 4.Nxd4 Nf6 5.Nc3 a6 6.g3 e5 7.Nb3 Be6 8.Bg2 Nbd7
9.O-O Be7 10.a4 O-O 11.Re1 Re8 12.Nd2 Qc7 13.Nf1 Bf8 14.Ne3 Rac8 15.a5 b5
16.axb6 Qxb6 17.Ncd5 Bxd5 18.exd5 g6 19.b3 Bg7 20.Nc4 Rxc4 21.bxc4 Nc5 22.Be3 Nfd7
23.Qd2 Rb8 24.Qa5 Qxa5 25.Rxa5 f5 26.Raa1 Kf7 27.Reb1 Rxb1+ 28.Rxb1 Ke7 29.Bd2 Kf7
30.Bf3 Ke7 31.Ba5 Kf7 32.Kf1 Bf6 33.Bd1 Ke8 34.g4 Bd8 35.Bxd8 Kxd8 36.gxf5 gxf5
37.Ra1 Ke7 38.Ra3 Nf6 39.Rg3 Kf7 40.f4 e4 41.Ke1 h6 42.Kd2 Na4 43.Rb3 Nc5
44.Rb8 Nfd7 45.Rh8 Kg7 46.Rd8 Kf6 47.Rh8 Kg7 48.Re8 Kf6 49.Kc3 a5 50.Bh5 a4
51.Kb4 Kg7 52.Re7+ Kg8 53.Bg6 Nf6 54.Bxf5 Kf8 55.Ra7 e3 56.Kc3 Nh5 57.Bg6 Ng7
58.Rf7+ Kg8 59.Re7  1-0

[Event "Open Duras BVK FIDE"]
[Site "Brno CZE"]
[Date "2009.06.30"]
[Round "5"]
[White "Mlensky,D"]
[Black "Smistik,M"]
[Result "0-1"]
[WhiteElo "2093"]
[BlackElo "2311"]

1.e4 c5 2.Nf3 d6 3.d4 cxd4 4.Nxd4 Nf6 5.Nc3 a6 6.g3 e5 7.Nde2 b5 8.Bg2 Bb7
9.a3 Nbd7 10.h3 Nb6 11.O-O d5 12.exd5 Nfxd5 13.Nxd5 Bxd5 14.Be3 Bxg2 15.Qxd8+ Rxd8
16.Kxg2 Nc4 17.Bc1 Bc5 18.b3 Nd2 19.Rd1 Ne4 20.Rxd8+ Kxd8 21.f3 Nd6 22.Bd2 Kd7
23.a4 Rc8 24.axb5 axb5 25.c3 f5 26.Ra6 Rc6 27.Ra8 Nc8 28.Ra5 Nd6 29.Ra8 Ke6
30.Be1 Be3 31.Ra2 Bg5 32.f4 Bf6 33.fxe5 Bxe5 34.Ra5 g5 35.b4 Kd5 36.Bf2 Bxc3
37.Bc5 Rxc5 38.bxc5 Bxa5 39.cxd6  0-1

[Event "XXXII Open"]
[Site "Barbera ESP"]
[Date "2009.07.09"]
[Round "6"]
[White "Sanchez Jerez,E"]
[Black "Massoni,M"]
[Result "0-1"]
[WhiteElo "2212"]
[BlackElo "2291"]

1.e4 c5 2.Nc3 d6 3.Nge2 a6 4.d4 cxd4 5.Nxd4 Nf6 6.g3 e5 7.Nb3 Be6 8.Bg2 Nbd7
9.O-O Be7 10.Re1 Qc7 11.Nd2 Rc8 12.a4 O-O 13.Nf1 Nb6 14.Re3 Rfd8 15.Rd3 Nc4
16.b3 Na5 17.Ne3 Nc6 18.Ba3 Nd4 19.Rc1 b5 20.axb5 axb5 21.Ncd5 Nxd5 22.exd5 Bd7
23.g4 b4 24.Bxb4 f5 25.c3 fxg4 26.Ra1 Nb5 27.Ba5 Qb8 28.Bxd8 Bxd8 29.c4 Nd4
30.Be4 Bh4 31.Rxd4 exd4 32.Nf5 Bxf5 33.Bxf5 Rf8 34.Be6+ Kh8 35.Ra2 h5 36.Qd3 Qb4
37.Re2 Qc3 38.Qg6 Bxf2+  0-1

[Event "Corporation Centre Cup"]
[Site "Izhevsk RUS"]
[Date "2009.07.18"]
[Round "4"]
[White "Bronnikov,K1"]
[Black "Gainullin,Y"]
[Result "0-1"]
[WhiteElo "2249"]
[BlackElo "2106"]

1.e4 c5 2.Nf3 d6 3.d4 cxd4 4.Nxd4 Nf6 5.Nc3 a6 6.g3 e5 7.Nde2 Be7 8.Bg2 Be6
9.O-O b5 10.h3 Nbd7 11.g4 O-O 12.Nd5 Bxd5 13.exd5 h5 14.Ng3 hxg4 15.hxg4 Ne8
16.Be4 Bg5 17.Kg2 g6 18.Rh1 Kg7 19.Qg1 Rh8 20.Rxh8 Kxh8 21.Qh2+ Kg7 22.Be3 Nc7
23.Rh1 Qf6 24.a4 bxa4 25.Qh7+ Kf8 26.Qh8+ Ke7 27.Qxf6+ Kxf6 28.Ra1 Bxe3 29.fxe3 Rb8
30.Ra2 Nb6 31.Kf3 Ke7 32.c4 Nxc4 33.Rxa4 Nd2+ 34.Ke2 Nxe4 35.Nxe4 Rxb2+ 36.Kf3 Rb5
37.Nc3 Rc5 38.Ne4 Rxd5 39.Rc4 Ne8 40.Rc6 Ra5 41.g5 Ra3 42.Nc3 Kd7 43.Rc4 Nc7
44.Ke4 Rb3 45.Nd5 Nxd5 46.Kxd5 Rxe3  0-1

[Event "2nd Open"]
[Site "Paleohora GRE"]
[Date "2009.07.22"]
[Round "2"]
[White "Arun,Ka"]
[Black "Najer,E"]
[Result "0-1"]
[WhiteElo "2291"]
[BlackElo "2663"]

1.e4 c5 2.Nf3 d6 3.d4 cxd4 4.Nxd4 Nf6 5.Nc3 a6 6.g3 e5 7.Nb3 Be7 8.Bg2 O-O
9.O-O b5 10.a4 b4 11.Nd5 Nxd5 12.exd5 a5 13.Bd2 Nd7 14.c3 bxc3 15.Bxc3 Qb6
16.Ra3 Bd8 17.Kh1 Ba6 18.Bxa5 Qa7 19.Bb4 Bxf1 20.Qxf1 Re8 21.a5 e4 22.Bxd6 Be7
23.Bxe7 Rxe7 24.d6 Re6 25.a6 Nf6 26.Nd2 Ng4 27.Kg1 e3 28.Bxa8 exf2+ 29.Kg2 Qxa8+
30.Nf3 Ne3+ 31.Rxe3 Rxe3 32.Qxf2 Rd3 33.b4 Qxa6 34.Ne5 Qb7+ 35.Kh3 Rxd6 36.b5 Rh6+
37.Kg4 Qe4+ 38.Qf4 Qxf4+ 39.Kxf4 Rb6 40.g4 f6 41.Nf3 Rxb5 42.h4 Kf7 43.Kg3 Rb4
44.Kh3 Ra4 45.Kg3 Ke6 46.Kh3 Kd5 47.Kg3 Ra3 48.Kf4 g5+ 49.hxg5 Rxf3+ 50.Kxf3 fxg5
51.Ke3 Ke5  0-1